000 00606nam a2200229Ia 4500
003 OSt
005 20230623114920.0
008 210423s2016 xx 000 0 und d
020 _a978-1-316-61218-7
040 _cAL
041 _aeng
082 _a530.15 FRAC
100 _aFRANKLIN (Joel)
_9108593
245 _aComputational methods for physics
260 _aDelhi
_bCambridge University Press
_c2016
300 _axvii,400
_bPB
365 _b995
_cINR
650 _aPhysics
_9108594
650 _aTheoretical Physics
_9108595
906 _aComputational ; methods ; physics
942 _2ddc
_cBK
999 _c167783
_d167783